000 00372nam a2200145Ia 4500
008 231207s9999 xx 000 0 und d
041 _aeng
082 _a006.74/GHO
100 _aThomas A. Powell
245 _aThe complete reference to HTML and XHTML
250 _a2003 Ed.
260 _bTata mc graw hill
300 _aPB/944
650 _aComnputer Program Language
999 _c946806
_d946806